000
00324nam a2200145Ia 4500
008
090124s9999 xx 000 0 und d
082
_b
402643
245
_a
आलम आरा
250
_a
1
260
_c
1990
300
_a
148
630
_a
आलम आरा
730
_a
आलम आरा
942
_c
BOOK
999
_c
199103
_d
199103